000 00567nam a2200241Ia 4500
003 OSt
005 20220918194928.0
006 a|||||r|||| 00| 0
007 ta
008 220917b |||||||| |||| 00| 0 eng d
024 _a82,452
037 _cTextual
040 _aARTS
_cARTS
_beng
041 _2eng
_aeng
082 _aS1, J2
100 _aDavidson A
_988000
245 0 _aPhantasy in childhood
260 _c1952
650 _aPSYCHOLOGY
700 _a Fay
_988001
942 _hS1, J2
_cTEXL
_2CC
999 _c206170
_d206170